00322nam a2200109Ia 4500008004100000041000800041082001200049100001800061245008800079260003700167300000800204230511s1967 xx 000 0 und d aeng a348.041 aChitaley S W  aAll India Reporter 1967 Allhabad,AP All India Reporter 1957 All India Reporter 1957 aNagpurbAll India Reporterc1967 a384